| 000 | 00591nam a22002052 4500 | ||
|---|---|---|---|
| 001 | 0000009300 | ||
| 005 | 20151217145849.0 | ||
| 008 | 080922s xx 000 0 eng d | ||
| 020 |
_a1842652265 : _cBSP 30 |
||
| 040 |
_aKABU _cKABU |
||
| 100 | 1 |
_aLahiri, B. K. _@0000160504 |
|
| 245 | 1 | 2 |
_aA First course in algebraic topology / _cB. K. Lahiri. |
| 250 | _a2nd ed. | ||
| 260 |
_aHarrow, U. K. : _bAlpha Science, _c2005. |
||
| 300 | _axv, 130 p. | ||
| 650 | 0 |
_aAlgebraic topology. _@0000154712 |
|
| 908 | _a080922 | ||
| 950 | _@1 | ||
| 999 |
_c3432 _d3432 |
||